|
|
|
|
| LEADER |
01281nam a2200253 a 4500 |
| 001 |
3052943 |
| 008 |
090618s1997 nyua b 001 0 eng d |
| 010 |
|
|
|a 96026887
|
| 020 |
|
|
|a 0471148431 (alk. paper)
|
| 040 |
|
|
|a DLC
|c DLC
|d DLC
|
| 082 |
0 |
0 |
|a 658.4/092
|2 20
|
| 100 |
1 |
|
|a Pitcher, Patricia C.
|
| 245 |
1 |
4 |
|a The drama of leadership /
|c Patricia Pitcher.
|
| 260 |
|
|
|a New York :
|b John Wiley,
|c c1997.
|
| 300 |
|
|
|a vii, 268 p. :
|b ill. ;
|c 24 cm.
|
| 500 |
|
|
|a Originally presented as author's thesis (doctoral)--McGill University.
|
| 504 |
|
|
|a Includes bibliographical references (p. [245]-254) and index.
|
| 541 |
1 |
|
|e 00010719
|
| 650 |
|
0 |
|a Leadership.
|
| 852 |
4 |
|
|a Ayesha Abed Library
|j General Shelf.
|
| 999 |
|
|
|c 1792
|d 1792
|
| 952 |
|
|
|0 0
|1 0
|2 ddc
|4 0
|6 658_409200000000000_PIT_1996
|7 0
|9 1641
|a BRACUL
|b BRACUL
|c GEN
|d 2009-06-29
|g 0.00
|l 2
|m 9
|o 658.4092 PIT
|p 3010010719
|r 2017-11-14
|s 2017-11-08
|t 1
|w 2009-06-29
|y BK
|x No price found in the accession register.
|
| 952 |
|
|
|0 0
|1 0
|2 ddc
|4 0
|6 658_409200000000000_PIT_1996
|7 0
|9 9142
|a BRACUL
|b BRACUL
|c GEN
|d 2010-04-11
|l 3
|m 20
|o 658.4092 PIT
|p 3010010718
|r 2026-03-03
|s 2026-01-19
|t 2
|w 2010-04-11
|y BK
|
| 952 |
|
|
|0 0
|1 0
|2 ddc
|4 0
|6 658_409200000000000_PIT_1996
|7 0
|9 12707
|a BRACUL
|b BRACUL
|c GEN
|d 2010-10-24
|l 0
|o 658.4092 PIT
|p 3010010720
|r 2010-10-24
|t 3
|w 2010-10-24
|y BK
|